<?xml version="1.0" encoding="UTF-8"?>
<record
    xmlns:xsi="http://www.w3.org/2001/XMLSchema-instance"
    xsi:schemaLocation="http://www.loc.gov/MARC21/slim http://www.loc.gov/standards/marcxml/schema/MARC21slim.xsd"
    xmlns="http://www.loc.gov/MARC21/slim">

  <leader>00530nam a2200181Ia 4500</leader>
  <controlfield tag="008">230718s9999    xx            000 0 und d</controlfield>
  <datafield tag="020" ind1=" " ind2=" ">
    <subfield code="a">9789332519084</subfield>
  </datafield>
  <datafield tag="041" ind1=" " ind2=" ">
    <subfield code="a">eng</subfield>
  </datafield>
  <datafield tag="082" ind1=" " ind2=" ">
    <subfield code="a">519.2</subfield>
    <subfield code="b">WAL</subfield>
  </datafield>
  <datafield tag="100" ind1=" " ind2=" ">
    <subfield code="a">Walpole R.E.</subfield>
    <subfield code="9">187629</subfield>
  </datafield>
  <datafield tag="245" ind1=" " ind2=" ">
    <subfield code="a">Probability And Statistics For Engineers And Scientists</subfield>
  </datafield>
  <datafield tag="250" ind1=" " ind2=" ">
    <subfield code="a">9th ed.</subfield>
  </datafield>
  <datafield tag="260" ind1=" " ind2=" ">
    <subfield code="c">2014</subfield>
    <subfield code="b">Pearson</subfield>
  </datafield>
  <datafield tag="300" ind1=" " ind2=" ">
    <subfield code="a">856</subfield>
  </datafield>
  <datafield tag="365" ind1=" " ind2=" ">
    <subfield code="c">Rs.</subfield>
    <subfield code="b">1099.00</subfield>
  </datafield>
  <datafield tag="700" ind1=" " ind2=" ">
    <subfield code="a">Walpole R.E.; Myers R.H.; Myers S.L. &amp; Keying E.Y</subfield>
  </datafield>
  <datafield tag="906" ind1=" " ind2=" ">
    <subfield code="d">O:0755127-Sep-2022B:IN34122-Sep-2022</subfield>
    <subfield code="c">TE</subfield>
    <subfield code="b">824.25</subfield>
  </datafield>
  <datafield tag="999" ind1=" " ind2=" ">
    <subfield code="c">352726</subfield>
    <subfield code="d">352726</subfield>
  </datafield>
  <datafield tag="952" ind1=" " ind2=" ">
    <subfield code="0">0</subfield>
    <subfield code="1">0</subfield>
    <subfield code="4">0</subfield>
    <subfield code="7">0</subfield>
    <subfield code="a">CCEP</subfield>
    <subfield code="b">CCEP</subfield>
    <subfield code="d">2022-09-27</subfield>
    <subfield code="e">Pradeep Book Distributors</subfield>
    <subfield code="f">TE</subfield>
    <subfield code="g">824.25</subfield>
    <subfield code="i">IN341</subfield>
    <subfield code="l">18</subfield>
    <subfield code="o">519.2</subfield>
    <subfield code="p">CCEP-BK-63937</subfield>
    <subfield code="r">2026-03-20 17:10:44</subfield>
    <subfield code="s">2026-03-05</subfield>
    <subfield code="t">824.25</subfield>
    <subfield code="v">1099.00</subfield>
    <subfield code="w">2022-09-22</subfield>
    <subfield code="y">BK</subfield>
    <subfield code="z">063937</subfield>
  </datafield>
</record>
